000 00427 a2200169 4500
003 Nust
005 20170207153403.0
040 _cNust
082 _a005.1
100 _aAllauddin , Aziz BESE-06
245 _aEND Host monitoring agent (Hard / Softcopy)
_cAziz Allauddin & Savera Tanwir BESE-06
260 _bMCS
_c2004
300 _a93 p
538 _aAlmirah No.71 Shelf No.4
650 _aUG Projects
651 _aUG CS Projects
942 _cTHS
999 _c185042
_d185042